000 00703nam a22001937a 4500
008 160809b xxu||||| |||| 00| 0 eng d
020 _a0-538-44354-5
082 _22007
_aDC 651.3
_bOl3o
100 _912573
_aOliverio, Mary Ellen
245 _aThe office:
_bprocedures and technology/
_cMary Ellen Oliverio, William R. Pasewark and Bonnie R. White.
250 _a5th edition
260 _aAustralia:
_bThomson South-Western,
_cc2007.
300 _axv, 603 pages:
_billustrations;
_c29 cm.
500 _aIncludes index.
650 0 _912574
_aOffice management
_xData processing
700 _912576
_aPasewarak, William R.
_eAuthor
700 _912577
_aWhite, Bonnie R.
_eAuthor
942 _2ddc
_cDC
999 _c3776
_d3776